000
00309nam a2200121Ia 4500
008
220216s9999 xx 000 0 und d
100
_a
Wan Abdul Rahman etc
245
0
_a
Rubber growing : The modern way
260
_b
Rubber Board Bulletin
_c
1985
300
_a
13-18
650
_a
Rubber growing
942
_c
JS
999
_c
67632
_d
67632